000 00679nam a2200265Ia 4500
005 20260121170703.0
008 008 260114s9999 xx 000 0 eng d
020 _a9789811309298
037 _aEBOOK
040 _aCRL
040 _beng
040 _cCRL
041 _2eng
041 _aeng
084 _qCRL
100 _aJilili Abuduwaili, Gulnura Issanova, Galymzhan Saparov
_91066926
245 0 _aHydrology and Limnology of Central Asia
260 _bSpringer
260 _bSpringer
260 _c2019
856 _uhttps://link.springer.com/openurl?genre=book&isbn=978-981-13-0929-8
942 _cEBOOK
999 _c1632656
_d1632656